Behavioral, ecological and morphological correlates of foraging for arthropods by the hummingbirds of a tropical wet forest (Registro nro. 13615)

Detalles MARC
000 -CABECERA
Campo de control 003490000a22001090004500
090 ## - CLASIFICACIÓN LOCAL
Colección AR
Consecutivo 04516
041 0# - IDIOMA
Código de idioma para texto/pista de sonido o título separado
100 1# - ASIENTO PRINCIPAL--NOMBRE PERSONAL
Nombre personal Stiles, F. Gary
245 10 - MENCION DE TITULO
Título Behavioral, ecological and morphological correlates of foraging for arthropods by the hummingbirds of a tropical wet forest
773 1# - Item fuente:
Título Condor
Paginas del Articulo 853-878
Lugar, editorial y fecha de publicación 1995
Información sobre la relación 97
942 ## - ELEMENTOS ADICIONALES (KOHA)
Tipo de ítem Artículo
Existencias
Withdrawn status Lost status Damaged status No para préstamo Colección Ubicación Permanente Ubicación actual Fecha de adquisición Datos de publicación Seriada Total Checkouts Número topográfico Inventario / Código de Barras Date last seen Ejemplar Price effective from Forma de adquisición Tipo de material
      No para Préstamo Hemeroteca Bogotá Bogotá 28/09/2009 Fuera de circulación   AR 04516 027622 25/03/2015 1 25/03/2015   Artículo